| 000 | 00992nac a22002771i 4500 | ||
|---|---|---|---|
| 003 | EG-ScBUE | ||
| 005 | 20230531111721.0 | ||
| 008 | 230531s2006 vraa f 000 0 eng d | ||
| 020 | _a9781864701531 (hbk.) : | ||
| 020 | _a1864701536 (hbk.) | ||
| 040 |
_aEG-ScBUE _beng _erda _cEG-ScBUE _dEG-ScBUE |
||
| 043 | _ae-it--- | ||
| 082 | 0 | 4 |
_a392.3094573 _bGAR _222 |
| 100 | 1 |
_aGardella, Mariella, _eauthor. |
|
| 245 |
_aCapri style / _cMariella Gardella ; photographs by Gonzalo de Alvear. |
||
| 264 | 1 |
_aMulgrave, _bImages Publishing Group, _c2006. |
|
| 300 |
_a161 pages : _billustrations (chiefly color) ; _c29 cm |
||
| 336 |
_2rdacontent _atext _btxt |
||
| 337 |
_2rdamedia _aunmediated _bn |
||
| 338 |
_2rdacarrier _avolume _bnc |
||
| 650 | 7 |
_aCapri Island (Italy) _xSocial life and customs. _2BUEsh |
|
| 650 | 7 |
_aArchitecture _zCapri Island (Italy) _xSocial life and customs. _2BUEsh |
|
| 655 | _vReading book | ||
| 700 |
_aAlvear, Gonzalo de _d1965- _ephotographer. |
||
| 942 |
_cBB _2ddc |
||
| 999 |
_c8919 _d8919 |
||